Connecticut Cities A-Z - Statistics

General Stats
  • This quiz has been taken 16 times
  • The average score is 12 of 23
Answer Stats
Clue Answer % Correct
B Most populous municipality in Connecticut, known as the "Park City" for parks such as Seaside Park, home to a statue of former Mayor P.T. Barnum Bridgeport
100%
N Yale University and the best pizza in America New Haven
100%
D Was once the center of American hat production Danbury
85%
F Namesake of an affluent county bordering New York, famous for Greenwich hedge funds Fairfield
85%
H The Insurance Capital of the World, home of Mark Twain and Colt Revolvers Hartford
77%
M Seaport village home to an aquarium and a pizza parlor that was the setting of a movie named after it Mystic
69%
W Former hub of brass production in America Waterbury
69%
A Lies along the Naugatuck River, known as the "Copper City" Ansonia
54%
E Pratt & Whtiney East Hartford
54%
G Home of the U.S.S. Nautilus, the first nuclear powered submarine Groton
54%
O PEZ Factory Orange
54%
K Famous for its waterfalls Kent
46%
S Sikorsky (Lockheed Martin) Stratford
46%
U Least populous municipality in Connecticut Union
46%
C Birthplace of American Revolutionary Patriot Nathan Hale, Connecticut's State Hero Coventry
38%
P Famous for its Brownstone that was used to construct buildings across the country Portland
38%
R Home to one of the largest dinosaur track sites in North America Rocky Hill
38%
T Birthplace of abolitionist John Brown Torrington
38%
V Home to the textile village of Rockville, known as the "Loom City" Vernon
38%
L Birthplace of Jonathan Trumbull, the first Governor of Connecticut Lebanon
31%
I Village in Essex that once produced piano keys made of ivory Ivoryton
23%
Y A village near Meriden that birthed the Meriden Britannia Company, formerly the largest silverware company on Earth Yalesville
15%
Q Former mill village in Thompson that shares its name with a river running through the Quiet Corner Quinebaug
8%
No matching quizzes found
Score Distribution
Percent of People with Each Score
Percentile by Number Answered
Your Score History
You have not taken this quiz